000 01066nam a2200265Ia 4500
003 OSt
005 20220923222038.0
006 a|||||r|||| 00| 0
007 ta
008 tel
024 _a202,721
037 _cTextual
040 _aARTS
_cARTS
_btel
041 _2tel
_atel
082 _aO35,3NSH,AL, 152M3
100 _aशास्त्री, राचकांेड विश्वनाथ; रेड्डी, बालशौरि, अनु.
_9165773
245 0 _aअल्पजीवी, अनु बालशौरि रेड्डी
246 _aAlpajīvī, anu bālashauri reḍḍī
250 _aसंस्क 3
260 _aनई दिल्ली
_b साहित्य अकादमी
_c1983
300 _a138पृ0
_ccm.
650 _aतेलुगु साहित्य
_9156264
942 _hO35,3NSH,AL, 152M3
_cTEXL
_2CC
999 _c353545
_d353545